Enciclopedia delle religioni. (Record no. 59342)
[ view plain ]
| 000 -LEADER | |
|---|---|
| campo de control de longitud fija | 00596nam a2200157 i 4500 |
| 001 - NÚMERO DE CONTROL | |
| campo de control | 59342 |
| 003 - IDENTIFICADOR DE NÚMERO DE CONTROL | |
| campo de control | ES-MaACL |
| 005 - FECHA Y HORA DE LA ÚLTIMA TRANSACCIÓN | |
| campo de control | 20230906164020.0 |
| 007 - CAMPO FIJO DE DESCRIPCIÓN FÍSICA--INFORMACIÓN GENERAL | |
| campo de control de longitud fija | t| |
| 008 - DATOS DE LONGITUD FIJA--INFORMACIÓN GENERAL | |
| campo de control de longitud fija | 031028m19701976it ||||1| ita d |
| 245 00 - MENCIÓN DEL TÍTULO | |
| Título | Enciclopedia delle religioni. |
| 260 ## - PUBLICACIÓN, DISTRIBUCIÓN, ETC. | |
| Lugar de publicación, distribución, etc. | [Firenze] : |
| Nombre del editor, distribuidor, etc. | Vallecchi, |
| Fecha de publicación, distribución, etc. | 1970-1976. |
| 300 ## - DESCRIPCIÓN FÍSICA | |
| Extensión | 6 v. : |
| Otras características físicas | il. ; |
| Dimensiones | 29 cm. |
| 505 8# - NOTA DE CONTENIDO CON FORMATO | |
| Nota de contenido con formato | Contiene: T. I.: Abacuc-Celti. -- T. II.: Ceram-Germani. -- T. III.: Gesú Cristo-Malachia. -- T. IV.: Malankaresi-Proverbi. -- T. V.: Pseudo-Dionigi-Tupi-Guarani. -- T. VI.: Igro-Finnici-Zwingli-Indici |
| 852 ## - LOCALIZACIÓN | |
| Ubicación | ES-MaACL |
| Número de control de estantería | A-7528-33 |
| Sublocalización o colección | R.96872 |
| Estatus retirado | Estado de pérdida | Estado de daño | No para préstamo | Colección | Biblioteca de origen | Biblioteca actual | Ubicación en estantería | Fecha de adquisición | Fuente de adquisición | Total de préstamos | Signatura topográfica completa | Código de barras | Visto por última vez | Precio de reemplazo | Tipo de ítem Koha |
|---|---|---|---|---|---|---|---|---|---|---|---|---|---|---|---|
| Colección de referencia | Biblioteca del Ateneo de Madrid | Biblioteca del Ateneo de Madrid | Sala Pecera Planta 1 | 17/01/2008 | A-7528-33 | 1062245 | 23/02/2023 | 23/02/2023 | Libro impreso |
